000 00890nam a2200253 i 4500
001 163533
003 ES-MaACL
005 20230906212746.0
008 050713m18931920it | |||||||| ||ita d
040 _aCAM
_bspa
_cCAM
110 2 _aRigutini, Giuseppe.
_9134819
245 1 0 _aVocabolario italiano della lingua parlata /
_cRigutini e Fanfani; novamente compilato da Giuseppe Rigutini ...
260 _aFirenze :
_bG. Barbèra editore,
_c[s.a.]
300 _aLII, 1296 p. ;
_c28 cm.
490 1 _aCollezione Scolastica
500 _aEn port. consta: Venticinquesimo migliaio.
596 _aDedicatoria fechada en 1893.
650 4 _aLengua italiana-
_xDiccionarios.
_9136363
700 1 _aFanfani, Pietro.
_948792
752 _aItalia -
_dFlorencia
830 0 _aCollezione Scolastica
_9222280
852 _aES-MaACL
_jB-12403
_z-- Enc. pasta española
999 _c163533
_d163533